| 000 | 00000nam 2200000zi 4500 |
| 001 | 9.940811 |
| 003 | CaOODSP |
| 005 | 20250403102725 |
| 006 | m o d f |
| 007 | cr cn||||||||| |
| 008 | 240722t20082008oncd obs f000 0 fre d |
| 040 | |aCaOODSP|bfre|erda|cCaOODSP |
| 043 | |an-cn--- |
| 086 | 1 |aCS85-002/28-9F-PDF |
| 100 | 1 |aLi, Geoffrey, |eauteur. |
| 245 | 12|aL'homicide au Canada, 2007 / |cpar Geoffrey Li. |
| 264 | 1|aOttawa : |bStatistique Canada = Statistics Canada, |c2008. |
| 264 | 4|c©2008 |
| 300 | |a1 ressource en ligne (27 pages) : |bgraphiques. |
| 336 | |atexte|btxt|2rdacontent/fre |
| 337 | |ainformatique|bc|2rdamedia/fre |
| 338 | |aressource en ligne|bcr|2rdacarrier/fre |
| 490 | 1 |aJuristat, |x1205-8882 ; |vVol. 28, no. 9 |
| 500 | |a« octobre 2008. » |
| 500 | |aPublié aussi en anglais sous le titre : Homicide in Canada, 2007. |
| 504 | |aComprend des références bibliographiques (page 15). |
| 520 | |a« Les homicides sont relativement rares au Canada et leur nombre a diminué de façon générale au cours des 30 dernières années. En 2007, ils représentaient moins de 1 % des crimes violents au Canada. En fait, les Canadiens sont environ quatre fois plus susceptibles d'être tués dans un accident de la route et à peu près six fois plus susceptibles de se suicider » -- Page 6. |
| 650 | 6|aHomicide|zCanada|vStatistiques. |
| 650 | 6|aCrimes violents|zCanada|vStatistiques. |
| 655 | 7|aStatistiques|2rvmgf |
| 710 | 2 |aStatistique Canada, |eorganisme de publication. |
| 775 | 08|tHomicide in Canada, 2007 / |w(CaOODSP)9.940810 |
| 830 | #0|aJuristat,|x1205-8882 ; |vVol. 28, no. 9.|w(CaOODSP)9.936877 |
| 856 | 40|qPDF|s797 Ko|uhttps://publications.gc.ca/collections/collection_2024/statcan/85-002-x/CS85-002-28-9-fra.pdf |
| 856 | 4 |qHTML|sS.O.|uhttps://www150.statcan.gc.ca/n1/pub/85-002-x/2008009/article/10671-fra.htm |
| 986 | |a85-002-X |